000 00838nam a2200253 4500
001 119035
003 ES-MaACL
005 20250817062555.0
007 t|
008 070214s1977 sp r ||||1| spa d
020 _a84-7075-061-5
080 _a75Picasso(064.3)
100 1 _aPicasso, Pablo,
_d1881-1973
_991794
245 1 0 _aPicasso :
_b[catálogo de la exposición] septiembre-noviembre, 1977 /
_ctextos de Rafael Alberti ... [et al.].
260 _aMadrid :
_bFundación Juan March,
_c1977.
300 _a14 h., 31 lám. ;
_c29 cm.
600 1 4 _aPicasso, Pablo,
_d1881-1973-
_vExposiciones
_991797
655 7 _2tgfbne
_9193628
_aCatálogos de exposiciones
700 1 _aAlberti, Rafael,
_d1902-1999
_9240174
710 2 _aFundación Juan March
_94346
852 4 _aES-MaACL
_jA-7304
942 _2udc
999 _c119035
_d119035